Технологическое обеспечение размерной точности обработки в производстве нефтегазового оборудования (Запись № 10087396)
[ простой вид ]
| 000 -МАРКЕР | |
|---|---|
| контрольное поле | 03217nam0a2200397 i 4500 |
| 001 - ИДЕНТИФИКАТОР ЗАПИСИ | |
| контрольное поле | RU\NLR\BIBL_A\010785182 |
| 005 - ИДЕНТИФИКАТОР ВЕРСИИ | |
| контрольное поле | 20260406051504.0 |
| 010 ## - МЕЖДУНАРОДНЫЙ СТАНДАРТНЫЙ НОМЕР КНИГИ (ISBN) | |
| Номер (ISBN) | 9785996110032 |
| Тираж | 110 |
| 021 ## - НОМЕР ГОСУДАРСТВЕННОЙ РЕГИСТРАЦИИ | |
| Код страны | российская федерация |
| Номер | 15-36693 |
| 035 ## - ДРУГИЕ СИСТЕМНЫЕ НОМЕРА | |
| Идентификатор записи | (NILC)RuMoRGB-007932992 |
| 035 ## - ДРУГИЕ СИСТЕМНЫЕ НОМЕРА | |
| Идентификатор записи | (NLR Aleph) 010785182 |
| 100 ## - ДАННЫЕ ОБЩЕЙ ОБРАБОТКИ | |
| Данные общей обработки | 20150618d2014 u y0rusy50 ca |
| 101 0# - ЯЗЫК РЕСУРСА | |
| Язык текста, звукозаписи и т.д. | русский |
| 102 ## - СТРАНА ПУБЛИКАЦИИ ИЛИ ПРОИЗВОДСТВА | |
| Страна публикации | российская федерация |
| -- | российская федерация |
| 105 ## - ПОЛЕ КОДИРОВАННЫХ ДАННЫХ: ТЕКСТОВЫЕ МАТЕРИАЛЫ, МОНОГРАФИЧЕСКИЕ | |
| Кодированные данные о монографическом текстовом документе | a|||j|||000yy |
| 200 1# - ЗАГЛАВИЕ И СВЕДЕНИЯ ОБ ОТВЕТСТВЕННОСТИ | |
| Основное заглавие | Технологическое обеспечение размерной точности обработки в производстве нефтегазового оборудования |
| Сведения, относящиеся к заглавию | учебное пособие |
| -- | [для студентов оной и заочной формы обучения направления: 150700.62 - Машиностроение, профиль: - Машиностроительные технологии и оборудование; направления: 151000.68 - Технологические машины и оборудование] |
| Первые сведения об ответственности | Н. Ф. Коленчин, Р.Ю. Некрасов, У.С. Путилова, Ю.И. Некрасов |
| Последующие сведения об ответственности | М-во образования и науки Российской Федерации, Федеральное гос. бюджетное образовательное учреждение высш. проф. образования "Тюменский гос. нефтегазовый ун-т" |
| 210 ## - ПУБЛИКАЦИЯ, РАСПРОСТРАНЕНИЕ И ДР. | |
| Место издания, распространения и т.д. | Тюмень |
| Имя издателя, распространителя и т. д. | ТюмГНГУ |
| Дата издания, распространения и т.д. | 2014 |
| 215 ## - ФИЗИЧЕСКАЯ ХАРАКТЕРИСТИКА | |
| Специфическое обозначение материала и объем | 144 с. |
| Другие сведения о физической характеристике | ил. |
| Размеры | 21 |
| 320 ## - ПРИМЕЧАНИЯ О НАЛИЧИИ В ДОКУМЕНТЕ БИБЛИОГРАФИИ / УКАЗАТЕЛЯ | |
| Текст примечания | Библиогр.: с. 143-144 (39 назв.) |
| 606 1# - НАИМЕНОВАНИЕ ТЕМЫ КАК ПРЕДМЕТ | |
| Наименование темы | Резание металлов |
| Формальный подзаголовок | Учебные издания для высших учебных заведений |
| Тематический подзаголовок | Точность |
| Системный номер авторитетной/нормативной записи | 2109836 |
| Идентификатор авторитетной/нормативной записи | RU\NLR\AUTH\661275188 |
| 606 1# - НАИМЕНОВАНИЕ ТЕМЫ КАК ПРЕДМЕТ | |
| Наименование темы | Резание металлов |
| Формальный подзаголовок | Учебные издания для высших учебных заведений |
| Тематический подзаголовок | Математическое моделирование |
| Системный номер авторитетной/нормативной записи | 2086873 |
| Идентификатор авторитетной/нормативной записи | RU\NLR\AUTH\661263019 |
| 606 ## - НАИМЕНОВАНИЕ ТЕМЫ КАК ПРЕДМЕТ | |
| Наименование темы | Газовые промыслы |
| Формальный подзаголовок | Учебные издания для высших учебных заведений |
| Тематический подзаголовок | Оборудование |
| -- | Производство |
| Системный номер авторитетной/нормативной записи | 2246098 |
| Идентификатор авторитетной/нормативной записи | RU\NLR\AUTH\6601578510 |
| 606 ## - НАИМЕНОВАНИЕ ТЕМЫ КАК ПРЕДМЕТ | |
| Наименование темы | Нефтяные промыслы |
| Формальный подзаголовок | Учебные издания для высших учебных заведений |
| Тематический подзаголовок | Оборудование |
| -- | Производство |
| Системный номер авторитетной/нормативной записи | 1726728 |
| Идентификатор авторитетной/нормативной записи | RU\NLR\AUTH\66771223 |
| 610 0# - НЕКОНТРОЛИРУЕМЫЕ ПРЕДМЕТНЫЕ ТЕРМИНЫ | |
| Предметный термин | нефтегазовое машиностроение |
| 686 1# - ИНДЕКСЫ ДРУГИХ КЛАССИФИКАЦИЙ | |
| Индекс | К63-1я73-1 |
| 701 #1 - ИМЯ ЛИЦА - АЛЬТЕРНАТИВНАЯ ОТВЕТСТВЕННОСТЬ | |
| Начальный элемент ввода | Коленчин |
| Часть имени, кроме начального элемента ввода | Н. Ф. |
| Расширение инициалов личного имени | Николай Филиппович |
| 701 #1 - ИМЯ ЛИЦА - АЛЬТЕРНАТИВНАЯ ОТВЕТСТВЕННОСТЬ | |
| Начальный элемент ввода | Некрасов |
| Часть имени, кроме начального элемента ввода | Р. Ю. |
| Дополнения к именам, кроме дат | канд. техн. наук, информ. технологии |
| Расширение инициалов личного имени | Роман Юрьевич |
| Системный номер авторитетной/нормативной записи | 139540 |
| Идентификатор авторитетной/нормативной записи | RU\NLR\AUTH\770139575 |
| 701 #1 - ИМЯ ЛИЦА - АЛЬТЕРНАТИВНАЯ ОТВЕТСТВЕННОСТЬ | |
| Начальный элемент ввода | Путилова |
| Часть имени, кроме начального элемента ввода | У. С. |
| Дополнения к именам, кроме дат | канд. техн. наук |
| Расширение инициалов личного имени | Ульяна Сергеевна |
| Системный номер авторитетной/нормативной записи | 139544 |
| Идентификатор авторитетной/нормативной записи | RU\NLR\AUTH\770139579 |
| 701 #1 - ИМЯ ЛИЦА - АЛЬТЕРНАТИВНАЯ ОТВЕТСТВЕННОСТЬ | |
| Материалы, к которым относится поле | rus |
| Графика поля | Кириллица |
| Начальный элемент ввода | Некрасов |
| Часть имени, кроме начального элемента ввода | Ю. И. |
| Дополнения к именам, кроме дат | д-р техн. наук, машиностроение |
| Расширение инициалов личного имени | Юрий Иннокентьевич |
| Идентификатор авторитетной/нормативной записи | RU\NLR\AUTH\776748 |
| Системный номер авторитетной/нормативной записи | 116697 |
| 801 #0 - ИСТОЧНИК ЗАПИСИ | |
| Страна | российская федерация |
| Организация | РГБ |
| Дата составления | 20150518 |
| Правила каталогизации | RCR |
| 801 #2 - ИСТОЧНИК ЗАПИСИ | |
| Страна | российская федерация |
| Организация | РГБ |
| Дата составления | 20150519 |
| Правила каталогизации | rcr |
| 942 ## - ДОПОЛНИТЕЛЬНЫЕ ЭЛЕМЕНТЫ ЗАПИСИ (АБИС) | |
| Тип экземпляра АБИС | Книга |
| 980 ## - КОЛЛЕКЦИЯ | |
| Название коллекции | НБР |
Нет доступных экземпляров.